00503nam a2200121Ia 4500041001200000082001200012100004000024245018400064260006600248300000900314650003900323650001900362 aEnglish aRH.0063 aHole, ManojuCollege of Social Work 2aA status of female beedi workers in Vidarbha region of Maharashtra state with special reference to their socio-economic, health and education :ban analytical study / cManoj Hole aNew Delhi :bIndian Council of Social Science Research,c2017 a156p aBeedi workerszIndiazMaharashtra  aSocio-economic